000 00651nam a2200253Ia 4500
003 OSt
005 20220918223603.0
006 a|||||r|||| 00| 0
007 ta
008 220917b |||||||| |||| 00| 0 eng d
024 _a224,087
037 _cTextual
040 _aARTS
_cARTS
_beng
041 _2eng
_aeng
082 _aV:(R), P4
100 _aYoung Robert J.C.
245 0 _aWhite mythologies
_b writing history and the west
250 _a2nd
260 _aLondon
_bRoutledge UK
_c2004
300 _axv,287p.
_ccm.
650 _aHISTORY
942 _hV:(R), P4
_cTEXL
_2CC
999 _c278925
_d278925